000 01849cab a2200421 4500
001 ABS48808
008 090401t1993 xxu||||| |||| 00| 0 eng d
035 _a(Sirsi) u68613
041 _aeng
245 _aPublic sector review
260 _c1993
300 _aLOAN
350 _a0
490 _aEstates Times
_v25 June 1993 (58)
520 _aProvides an overview of recent initiatives to tackle urban decay, interviews Lord Walker, chairman of the Urban Regeneration Agency, looks at uses for surplus public sector land, discusses the introduction of CCT, the management of local authority property portfolios and the tendering of public services by private firms. Pilot studies of local authority asset registers, results of a survey of local authorities property asset methods, an assessment of the success of development corporations, contaminated land, a profile of the Welsh Development Agency, the fortunes of housing associations and growth in the student accommodation market are also featured. Concludes with an assessment of the British Rail property portfolio following privatisation.
650 _aASSET MANAGEMENT
650 _aASSET REGISTERS
650 _aBRITISH RAIL
650 _aCCT
650 _aCONTAMINATED LAND
650 _aDERELICT LAND
650 _aDEVELOPMENT CORPORATIONS
650 _aGRANTS
650 _aHOUSING ASSOCIATIONS
650 _aLOCAL AUTHORITIES
650 _aPRIVATISATION
650 _aPROPERTY ASSETS
650 _aPROPERTY INFORMATION SYSTEMS
650 _aPROPERTY MANAGEMENT PERFORMANCE
650 _aPUBLIC SECTOR
650 _aSTUDENT HOUSING
650 _aSURPLUS LAND
650 _aURBAN REGENERATION AGENCY
650 _aURBAN REGENERATION
690 _aPROPERTY-COMMERCIAL PROPERTY-COMMERCIAL PROPERTY MARKET
942 _n0
948 _c04/03/1997
999 _c43048
_d43048